000 01452nab a22002537a 4500
999 _c6006
_d6006
003 OSt
005 20260115230845.0
008 190605e xxu||||| |||| 00| 0 spa d
040 _cPJ
100 _96781
_aAlvez, Facundo M.
245 1 3 _aEl peso probatorio de las videograbaciones en el proceso laboral /
_cFacundo M. Alvez.
260 _aCiudad Autónoma de Buenos Aires :
_bThomson Reuters La Ley,
_c2025.
300 _ap. 33-42
500 _aCita Online: Cita: TR LALEY AR/DOC/855/2025.
505 _aSumario: I. Introducción.— II. Poder de dirección y control tecnológico en el entorno digital de la empresa.— III. Las fases de la prueba electrónica.— IV. La valoración probatoria. Marco conceptual. Los sistemas de valoración.— V. La importancia de los llamados "tests de admisibilidad". Análisis.— VI. Apartado jurisprudencial de la cuestión: a propósito de un destacado fallo de la Provincia de San Luis.— VII. Consideraciones finales.
505 _t¿Te interesa el texto completo? Solicitalo al correo: koha@justierradelfuego.gov.ar
650 0 _91316
_aDERECHO LABORAL
650 0 _91323
_aCONTRATO DE TRABAJO
650 0 _91383
_aLEY DE CONTRATO DE TRABAJO
650 0 _94428
_aRELACIÓN DE DEPENDENCIA
650 0 _96170
_aFRAUDE LABORAL
773 0 _02711
_93168
_dCiudad Autónoma de Buenos Aires : Thomson Reuters La Ley, 1999-2002.
_tRevista de derecho del trabajo. Nº 3 - Mayo 2025
942 _2udc
_cANA